| 000 | 00572nam a2200205 u 4500 | ||
|---|---|---|---|
| 005 | 20210223131610.0 | ||
| 008 | 110930s2003 es r 000 0 spa d | ||
| 020 | _a8449203368 | ||
| 035 | _aUPN01000181997 | ||
| 049 | _aCG | ||
| 050 | 4 |
_aPQ7297 P2.85 _bG3.6 |
|
| 100 | 1 | _aGallardo Muñoz, Juan | |
| 245 | 1 | 0 |
_aOctavio Paz / _cJuan Gallardo Muñoz. |
| 260 |
_aMadrid : _bDastin, _c2003. |
||
| 300 |
_a204 p. : _bil. |
||
| 440 | 0 | _aGrandes Mexicanos Ilustres | |
| 600 | 1 | 4 |
_aPAZ, OCTAVIO, _d1914-1998 |
| 650 | 4 |
_aAUTORES MEXICANOS - _vBIOGRAFIA _94062 |
|
| 905 | _aLibro | ||
| 999 |
_c154100 _d154100 |
||